000 00626nam a2200253Ia 4500
008 170203s9999 xx 000 0 und d
020 _a0-590032747
050 _aFic
050 _b.D131g 1981
100 _aDahl, Roald
245 _aGeorge's Marvelous Medicine /
245 _cRoald Dahl ; illustrated by Quentin Blake.
260 _aNew York :
260 _bScholastic Inc.,
260 _c1981
300 _a89 pages ;
300 _bill. ;
300 _c20 cm.
440 _a"Ages 7-11"--P. [4] of cover.
650 _aGrandmothers--
650 _aMagic--
650 _xFiction.
650 _xFiction.
999 _c306033
_d306033